Famous Italian people - Statistics

General Stats
  • This quiz has been taken 53 times
  • The average score is 10 of 18
Answer Stats
Question Answer % Correct
Sistine Chapel ceiling painter Michelangelo Buonarroti
94%
Major poet known for the Divine Comedy Dante Alighieri
73%
Media tycoon and politician known for "bunga bunga" scandal Silvio Berlusconi
71%
Prime Minister from 1922 to 1943 Benito Mussolini
69%
Venitian merchant, explorer, and writer, born in 1254 Marco Polo
69%
One of the Three Tenors with Plácido Domingo and José Carreras Luciano Pavarotti
67%
"Discovered" America in 1492 Christopher Columbus
65%
Polymath of the Renaissance, exemplar of the "Universal Genius" Leonardo da Vinci
65%
XVII century Italian astronomer Galileo Galilei
61%
Motor racing entrepreneur, founder of an iconic automotive marque Enzo Ferrari
59%
Actress known for "Two Women" or "Marriage Italian Style" films Sophia Loren
51%
1993 Ballon d'Or football player Roberto Baggio
49%
Physicist pioneer of electricity and power Alessandro Volta
41%
Educator known for the philosophy of education that bears her name Maria Montessori
41%
This great mathematician of antiquity was Sicilian Archimedes of Syracuse
33%
Female singer, dominant figure in Italian pop music from the 1960s to the mid-1970s Mina Mazzini
31%
Astrophysicist, first Italian woman to administrate the Trieste Astronomical Observatory Margherita Hack
22%
Nobel prize for Literature in 1926 Grazia Deledda
12%
No matching quizzes found
Score Distribution
Percent of People with Each Score
Percentile by Number Answered
Your Score History
You have not taken this quiz